000 00367nam a2200157Ia 4500
008 230711s9999||||xx |||||||||||||| ||und||
041 _aENG
082 _a621
_bVA-D
100 _aAgarwal.D.C
245 0 _aDynamics of particle
250 _a5th Ed.
260 _c1990
_aNew Delhi
_bMeerat Kedar Nath & Co
650 _aPhysics
700 _aVasistha,A.R
942 _cBK
999 _c251
_d251